000 00285nam a2200109Ia 4500
008 200302s9999 xx 000 0 und d
100 _aHugh Barton, & Others
245 _aShaping Neighbourhoods 2nd ed.
260 _bRoutledge Taylor & Francis Group
260 _c2010
300 _a326 P.,
999 _c2797
_d2797